Nourriture du monde - Statistiques

Statistiques générales
  • Ce quiz a été pris 230 fois
  • Le résultat moyen est 4 sur 16
Statistiques - réponses
Par images Réponse % Correct
bœuf bourguignon
73%
Corndog
72%
chili con carne
58%
empanadas
42%
pad thaï
37%
focaccia
34%
arancini
29%
Rougail saucisse
29%
poulet basquaise
21%
Pierogi
4%
adobo
2%
coxinha
1%
Fejoada
1%
lomo-saltado
1%
œufs meurette
1%
cepelinai
0%
Aucun quiz correspondant
Distribution des résultats
% des personnes avec chaque résultat
Percentile par nombre de réponses
Votre historique - résultats
Vous n’avez pas pris ce quiz